| 000 | 00763nam a22002417a 4500 | ||
|---|---|---|---|
| 999 |
_c8668 _d8668 |
||
| 003 | AR-CdUCM | ||
| 008 | 190325b ||||| |||| 00| 0 spa d | ||
| 040 |
_aMUNICIPALIDAD PROVINCIAL DEL CUSCO _cBIBLIOTECA MUNICIPAL DEL CUSCO |
||
| 041 | _hdut | ||
| 082 |
_a511.5 / _bP61 |
||
| 100 |
_aPirani, Marcello _924229 |
||
| 245 | _aNomografía / | ||
| 260 |
_aMéxico : _bHispano Americana ; _c1962. |
||
| 300 |
_a251 páginas ; _bDiagramas,fórmulas _c17cm |
||
| 440 |
_aColección Manuales Uteha _n60 _924230 |
||
| 500 | _aSección 1: Ciencias Matemáticas | ||
| 505 | _aContenido: Matemáticas | ||
| 650 |
_aMatemáticas _99398 |
||
| 650 |
_aNomografía _924231 |
||
| 700 |
_aNovo Cerro, Jose (traducción) _920062 |
||
| 942 |
_2ddc _cLIBROS |
||
| 945 | _anom | ||